Services Marketing And Brand Management (Record no. 92603)

MARC details
000 -LEADER
fixed length control field 00453nam a2200169Ia 4500
008 - FIXED-LENGTH DATA ELEMENTS--GENERAL INFORMATION
fixed length control field 230125s9999 xx 000 0 und d
041 ## - LANGUAGE CODE
Language code of text/sound track or separate title eng
082 ## - DEWEY DECIMAL CLASSIFICATION NUMBER
Classification number 658.8
Item number SIN
100 ## - MAIN ENTRY--PERSONAL NAME
Personal name Singh H H
9 (RLIN) 114683
245 ## - TITLE STATEMENT
Title Services Marketing And Brand Management
260 ## - PUBLICATION, DISTRIBUTION, ETC. (IMPRINT)
Date of publication, distribution, etc. 2003
Name of publisher, distributor, etc. Nirali Prakashan
Place of publication, distribution, etc. Pune
300 ## - PHYSICAL DESCRIPTION
Extent 191p
500 ## - GENERAL NOTE
Keywords Branding;Services marketing
650 ## - SUBJECT ADDED ENTRY--TOPICAL TERM
Topical term or geographic name as entry element Marketing management
700 ## - ADDED ENTRY--PERSONAL NAME
Personal name Singh H H
9 (RLIN) 114683
Holdings
Withdrawn status Lost status Damaged status Not for loan Home library Current library Date acquired Vendor Full call number Barcode Date last seen Bill Date Koha item type Original Barcode
Withdrawn 2022-23       Smt. Hiraben Nanavati Institute of Management & Research for Women Smt. Hiraben Nanavati Institute of Management & Research for Women 10/11/2005 Satya Gilani 658.8 SIN DB0954 HIMR-DB-954 25/01/2023 25/10/2005 Donated Book DB0954